Najwyżej oceniani piłkarze w EA Sports FC - Statystyki

Ogólne statystyki
  • Ten quiz został rozwiązany 19 732 razy
    19 424 od ostatniego zresetowania
  • Średni wynik to 11 z 23
Statystyki odpowiedzi
Lata Gracze % Poprawnych
2022, 2023 Cristiano Ronaldo
96%
2022, 2023, 2024 Lionel Messi
96%
2022, 2023, 2024, 2025 Kylian Mbappé
90%
2022, 2023, 2024 Robert Lewandowski
90%
2024, 2025 Erling Haaland
70%
2025 Vinícius Júnior
69%
2022 Neymar
57%
2025 Rodri
56%
2022, 2023, 2024, 2025 Kevin De Bruyne
52%
2023, 2025 Mohamed Salah
50%
2025 Jude Bellingham
49%
2022, 2024, 2025 Harry Kane
45%
2023, 2025 Virgil Van Dijk
40%
2023, 2024 Karim Benzema
39%
2023, 2024, 2025 Thibaut Courtois
36%
2022, 2023 Manuel Neuer
33%
2022, 2025 M. ter Stegen
31%
2021, 2025 Alisson
29%
2025 G. Donnarumma
24%
2022 Jan Oblak
18%
2025 Lautaro Martinez
18%
2022 N'Golo Kante
11%
2025 Martin Ødegaard
8%
Nie znaleziono quizów pasujących do podanych kryteriów
Rozkład punktacji
Procent ludzi z każdym wynikiem
Percentyl według liczby udzielonych odpowiedzi
Twoja historia wyników
Nie rozwiązałeś tego quizu od ostatniego zresetowania